• 首页
  • 本馆介绍
  • 公告通知
  • 最新文献
  • 馆藏检索
  • 电子资源
  • 读者导购
  • 参考咨询
  • 我的图书馆
  • 登录
  • 详细信息显示
  • 放入我的书架
  • 预约/预借图书
  • 作者相关作品
  • 分类相关作品
  • 丛书相关作品
  • 出版社相关作品

书目信息

  • 表格格式
  • 工作单格式
  • 卡片格式
题名:
中国家装前线
    
 
作者: 潇棋
分册: 第一册  
出版信息: 乌鲁木齐   新疆人民出版社  2002
页数: 80
开本: 26cm
丛书名:
单 册:
中图分类: TU245
科图分类:
主题词: 民用建筑--建筑设计
电子资源:
ISBN: 7-228-07404-1
000 00540nam0 2200181 450
001 0729297901
005 20071003080817.90
010    @a7-228-07404-1@b精装@d¥119.20
100    @a20071003d km y0chiy0120 ea
101 0  @achi
200 1  @a中国家装前线@Azhong guo jia zhuang qian xian@h第一册@f潇棋@Fxiao qi
210    @a乌鲁木齐@c新疆人民出版社@d2002
215    @a80@d26cm
606 0  @a民用建筑@x建筑设计
690    @aTU245@v4
701  0 @a潇棋@Axiao qi
801  0 @aCN@b大连网信软件有限公司图书馆·11@c20071003
905    @a213230@dTU245@eM46
    
    中国家装前线.第一册/潇棋.-乌鲁木齐:新疆人民出版社,2002
    80;26cm
    
    
    ISBN 7-228-07404-1(精装):¥119.20
    
●
相关链接 在E读中查询图书 在五车中查询图书 在当当中查询图书 在豆瓣中查询图书


正题名:中国家装前线     索取号:TU245/M46         预约/预借

序号 登录号 条形码 馆藏地/架位号 状态 备注
1 6400965   264009655   美术系资料室/ [索取号:TU245/M46] 在馆    
唐山师范学院图书馆 欢迎您!
大连网信软件有限公司© 版权所有